[Event "Llinars del Valles op 1st"]
[Site "Llinars del Valles"]
[Date "2021.06.30"]
[Round "6"]
[White "Carrasco Gomez, Adahara"]
[Black "Costa Trave, Jaume"]
[Result "1-0"]
[WhiteElo "1458"]
[BlackElo "1709"]
[PlyCount "85"]
[EventDate "2021.06.25"]
[EventType "swiss"]
[EventRounds "9"]
[EventCountry "ESP"]
[SourceTitle "CBM 203 Extra"]
[Source "ChessBase"]
[SourceDate "2021.09.30"]
[SourceVersion "1"]
[SourceVersionDate "2021.09.30"]
[SourceQuality "1"]

1. e4 e6 2. d4 d5 3. Nc3 Bb4 4. Nge2 dxe4 5. a3 Bxc3+ 6. Nxc3 f5 7. f3 exf3 8. Qxf3 Qxd4 9. Nb5 Qe5+ 10. Be2 Na6 11. Bf4 Qc5 12. Qg3 Bd7 13. Nxc7+ Nxc7 14. Bxc7 Kf7 15. Bh5+ g6 16. Be5 Nf6 17. Bf3 Bc6 18. Bxc6 bxc6 19. 0-0-0 Rhd8 20. Rxd8 Rxd8 21. Bxf6 Kxf6 22. Qh4+ g5 23. Qh6+ Ke7 24. Qxg5+ Ke8 25. Qg8+ Ke7 26. Qxh7+ Ke8 27. Qg6+ Ke7 28. Qg5+ Ke8 29. h4 Qd5 30. Qh5+ Ke7 31. Rd1 Qxd1+ 32. Qxd1 Rxd1+ 33. Kxd1 Kf6 34. Ke2 e5 35. Kf3 Ke6 36. g4 f4 37. Ke4 Kf6 38. b4 Ke6 39. c4 a6 40. a4 Kd6 41. h5 c5 42. b5 axb5 43. axb5 1-0